The life of birds/ (Record no. 172127)

MARC details
000 -LEADER
fixed length control field 00771cgm a2200253Ia 4500
001 - CONTROL NUMBER
control field 41583962
003 - CONTROL NUMBER IDENTIFIER
control field OCoLC
005 - DATE AND TIME OF LATEST TRANSACTION
control field 20250705115338.0
008 - FIXED-LENGTH DATA ELEMENTS--GENERAL INFORMATION
fixed length control field 990622p19991998enk504 vleng d
020 ## - INTERNATIONAL STANDARD BOOK NUMBER
International Standard Book Number 9780008638962 (paperback)
040 ## - CATALOGING SOURCE
Original cataloging agency NUST
Transcribing agency NUST
Modifying agency CIN
Language of cataloging eng
Description conventions rda
050 ## - LIBRARY OF CONGRESS CALL NUMBER
Classification number QL698 ATT
100 ## - MAIN ENTRY--PERSONAL NAME
Personal name Attenborough,David
Relator term Author
245 04 - TITLE STATEMENT
Title The life of birds/
Statement of responsibility, etc. by David Attenborough.
260 ## - PUBLICATION, DISTRIBUTION, ETC.
Place of publication, distribution, etc. United Kingdom :
Name of publisher, distributor, etc. William Collins,
Date of publication, distribution, etc. ©1998.
300 ## - PHYSICAL DESCRIPTION
Extent 276 pages :
Other physical details Illustrations. ;
Dimensions 24 cm
336 ## - CONTENT TYPE
Source rdamedia
Content type term text
Content type code txt
337 ## - MEDIA TYPE
Source rdamedia
Media type term unmediated
Media type code n
338 ## - CARRIER TYPE
Source rdamedia
Carrier type term volume
Carrier type code nc
504 ## - BIBLIOGRAPHY, ETC. NOTE
Bibliography, etc. note Includes Index.
650 #0 - SUBJECT ADDED ENTRY--TOPICAL TERM
Topical term or geographic name entry element Birds
General subdivision Behavior
650 #0 - SUBJECT ADDED ENTRY--TOPICAL TERM
Form subdivision Birds life
942 ## - ADDED ENTRY ELEMENTS (KOHA)
Source of classification or shelving scheme Library of Congress Classification
Suppress in OPAC No
Koha item type Ordinary Loan Books
Classification part QL698.ATT
Call number prefix QL
Call number suffix ATT
Holdings
Withdrawn status Lost status Source of classification or shelving scheme Damaged status Not for loan Collection Home library Current library Shelving location Date acquired Source of acquisition Cost, normal purchase price Total Checkouts Full call number Barcode Date last seen Accession number Cost, replacement price Price effective from Koha item type Public note
    LCC     NFIC MAIN MAIN GEN 06/27/2025 Book Aid International 20.00   QL698 ATT 92004055921 06/27/2025 62590 20.00 06/27/2025 BOOKS Donation